Responses for show #4634 - Thursday, October 28, 2004

Ken Jennings game 62.

Contestants

[<< previous game]

Bob Joseph, a businessman and attorney from McLean, Virginia

Lori Ann Tennant, a homemaker from Fairmont, West Virginia

Ken Jennings, a software engineer from Salt Lake City, Utah (whose 61-day cash winnings total $2,065,301)

[next game >>]

Jeopardy! Round responses

SURVIVOR: CONGRESS
WHATCHA GOT COOKING?
THIS CATEGORY IS ABBREVIATED
AIRPORTS
FIRST CLASS
COACH
    $200 6
Ted Kennedy

Lori
    $200 21
yeast

Ken
    $200 16
chief executive officer

Lori
    $200 1
Chuck Yeager

Lori
    $200 11
the Air Force Academy

Ken
    $200 26
third-base coach

Ken
    $400 7
Hillary Clinton

Ken
    $400 22
roasting

Lori
    $400 17
words per minute

Ken
    $400 2
Chicago O'Hare

Bob
    $400 12
(Ken: Who is Eleazar Wheelock?)
(Bob: Who is Dartmouth?)
...
(Alex: Ken was sort of on the right track; it's Eleazar Wheelock's son [*].)

John Wheelock

KenBob
Triple Stumper
    $400 27
(Red) Auerbach

Ken
    $600 8
(Ken: Who is Katherine Graham?)

Katherine Harris

Ken
Triple Stumper
    $600 23
crepes

Lori
    $600 18
the Office of Management and Budget

Lori
    $600 3
JFK

Ken
    $600 13
South Carolina

Lori
    $600 28
"Coach-K"

Bob
    $800 9
(Tom) Daschle

Bob
    $1,200 24
(Lori: The only thing I can think of is: What is popcorn shrimp?)

Buffalo wings

Lori
    $800 19
value added tax

Ken
    $800 4
Heathrow

Ken
    $800 14
Princeton

Ken
    $800 29
(Bob: What is "Prime Chuck"?)

"Ground Chuck"

KenBob
    $1000 10
Trent Lott

Bob
    $1000 25
bow tie

Lori
    $1000 20
grievous bodily harm

Triple Stumper
    $1000 5
Kuala Lumpur

Bob
    $1000 15
Stanford

Ken
    $1000 30
Scottie Bowman

Lori

Scores at the first commercial break (after clue 15):

Ken Lori Bob
$2,800 $1,000 $2,800

Scores at the end of the Jeopardy! Round:

Ken Lori Bob
$5,600 $3,600 $2,600

Double Jeopardy! Round responses

AQUATIC LIFE
EVEs
STATE-LY HOMES
THAT DON'T SOUND RIGHT
(Alex: Careful now.) [Laughter]
ART FOR ART'S SAKE
SHAKESPEAREAN RHYME TIME
    $400 21
(Bob: What are ears?)

gills

KenBob
    $400 11
"Eve Of Destruction"

Lori
    $400 16
Wyoming

Ken
    $400 26
Costello & Abbott

Ken
    $400 1
Rembrandt

Ken
    $400 6
Othello's cellos

Ken
    $7,800 22
(Alex: Minute to go, here is the clue in AQUATIC LIFE...)

an elephant seal

Ken
    $800 12
All About Eve

Ken
    $800 17
New Jersey

Ken
    $800 27
Judy & Punch

Ken
    $800 2
(Frederick) Remington

Ken
    $800 7
Lear's tears

Ken
    $1200 23
(Alex: Yes, the left [*], in particular.)

eyes

Ken
    $1200 13
The Three Faces of Eve

Ken
    $1,600 18
(Alex: Ken?)
(Ken: What is Ohio?)

Tennessee

Ken
    $1200 28
Decker & Black

Ken
    $1200 3
(Jacques-Louis) David

Ken
    $1200 8
Puck's tux

Ken
    $1600 24
dolphins

Triple Stumper
    $1600 14
Eve Plumb

Ken
    $1600 19
California

Lori
    $1600 29
Jack, Manny & Moe

Bob
    $1600 4
Cézanne

Ken
    $1600 9
Caesar's tweezers

Ken
    $2000 25
the seahorse

Triple Stumper
    $2000 15
Eve Arden

Bob
    $2000 20
Maine

Lori
    $2000 30
(Bob: Who are Chance... Evers, and Tinkers--?)
(Alex: No.)
(Bob: --Tinker.)
(Alex: Nope, sorry. Ken.)
(Ken: Who are… Evans, Tinker, and Chance?)
(Alex: Oh, too much--you took too much time. Lori, do you want to try it?)
(Lori: Nope.)
(Alex: No? A 3-6-4 double play would be first, short, second, so that would be [*].)

Chance to Tinker to Evers

KenBob
Triple Stumper
    $2000 5
[Applause for Ken's run of the category]

Dante Rossetti

Ken
    $2000 10
(Ken: What is Caliban's Taliban?)
(Bob: What is Taliban's Caliban?)

the Caliban Taliban (Caliban's Talibans accepted)

KenLoriBob

Scores at the end of the Double Jeopardy! Round:

Ken Lori Bob
$26,600 $9,600 $1,800
(lock game)

[wagering suggestions for these scores]

Final Jeopardy! Round responses

HISTORIC AREAS
(Alex: He's still trying to beat that all-time game show record. He'll do it. Soon. Maybe.)
BobWhat the Frontier?
$1,799
LoriWhat is the Old West?
$5,400
KenWhat is the frontier?
$3,400
the Frontier

Final scores:

Ken Lori Bob
$30,000 $4,200 $3,599
62-day champion: $2,095,301 2nd place: $2,000 3rd place: $1,000

Game dynamics:

Coryat scores:

Ken Lori Bob
$21,200 $10,800 $1,800
32 R
(including 1 DD),
5 W
(including 1 DD)
13 R,
1 W
(including 1 DD)
7 R,
5 W

Combined Coryat: $33,800

The J! Archive is created by fans, for fans. The Jeopardy! game show and all elements thereof, including but not limited to copyright and trademark thereto, are the property of Jeopardy Productions, Inc. and are protected under law. This website is not affiliated with, sponsored by, or operated by Jeopardy Productions, Inc. Join the discussion at JBoard.tv.